Statistics for Yakuza 0

Click here to take the quiz!

General Stats

  • This quiz has been taken 54 times
    (50 since last reset)
  • The average score is 13 of 16

Answer Stats

HintAnswer% Correct
Mad Dog of ShimanoGoro Majima
98%
Dragon of DojimaKazuma Kiryu
98%
Who is the Dragon of Dojima's sworn brother?Akira Nishikiyama
93%
What color are Thug and Brawler style?Blue
93%
What color are Slugger and Beast style?Yellow
93%
What is 1 Dojima Lieutenant?Daisaku Kuze
90%
Who is the owner of the empty lot?Makoto Makimura
90%
Who is the Mad Dog of Shimano's sworn brother?Taiga "18 Counts" Saejima
90%
What color are Breaker and Rush style?Purple
85%
Who is the owner of the empty lot's brother?Tetsu Tachibana
85%
What is another one?Hiroki Awano
80%
And the third one?Keiji Shibusawa
78%
What color is the Dragon of Dojima style?White
76%
Who is the chinese hitman?Lao Gui
71%
Who died after being blown up by a car bomb?Wen Hai Lee
71%
What color is the Mad Dog of Shimano style?Dark Purple
22%

Score Distribution

Percentile by Number Answered

Percent of People with Each Score

Your Score History

You have not taken this quiz since the last reset